000
00317 a2200145 4500
001
155527
040
_c
Escola São Tomás de Aquino
240
1
0
_a
Produção de texto
_l
por
245
1
0
_a
Produção de texto
300
_a
232
362
0
_a
2015
440
1
_a
Moderna
697
_a
Língua portuguesa
942
_c
BK
999
_c
155527
_d
155527